| 000 | 00965cam a2200217 4500 | ||
|---|---|---|---|
| 001 | WB3731-48 | ||
| 008 | 010815n2001 000 0 eng u | ||
| 035 | _a(Sirsi) u114149 | ||
| 245 | _aBan on child tractor drivers | ||
| 260 | _c2001 | ||
| 490 |
_aTimes _v 13 August 2001, 6(1) |
||
| 520 | _aAfter the United Nations' International Labour Organisation (ILO) produced a new convention on health and safety, government has had to consider a new employment law. Children under 16 will be banned from driving tractors on farms. However the National Farmers' Union will be lobbying government to try and prevent the change. The proposed changes raises the age limit at which children can do hazardous work on farms from 13 to 16 or even 18 in some instances. | ||
| 590 | _aWB | ||
| 650 | _aFARM EQUIPMENT | ||
| 650 |
_aHEALTH AND SAFETY _96244 |
||
| 650 | _aFARMS | ||
| 650 | _aCHILDREN | ||
| 650 | _aEMPLOYMENT LAW | ||
| 690 |
_aRural _96268 |
||
| 942 | _n0 | ||
| 999 |
_c68009 _d68009 |
||